=LDR 00000nam 2200000 4500 =001 INLIS000000001052866 =005 20241002085238 =035 ##$$a 0010-1024000025 =007 ta =008 241002###########################0###### =020 ##$$a 978-623-5302-06-5 =082 ##$$a 641.1 =084 ##$$a 641.1 YUL b =100 #$$a Yuli Laraeni =245 1#$$a Buku Saku : Gizi Seimbang Mencegah Anemia Remaja Putri / Yuli Laraeni ,S.KM.,M.PH, Ni Ketut Sri Sulendri, S, ST,M.PH ; Editor : Retno Wahyuningsih : $b Gizi Seimbang Mencegah Anemia Remaja Putri =260 ##$$a Mataram :$b Poltekes Kemenkes Mataram,$c 2023 =300 ##$$a vi, 82 Halaman : $b ilustrasi ; $c 21 cm =600 #4$$a Gizi =990 ##$$a 22842284 =990 ##$$a 175/53/2024